Vivat (Запись № 11038992)

Подробности
000 -МАРКЕР
контрольное поле 02041ncm0a2200385 4500
001 - ИДЕНТИФИКАТОР ЗАПИСИ
контрольное поле RU\NLR\ONIZ\224928
005 - ИДЕНТИФИКАТОР ВЕРСИИ
контрольное поле 20250626152814.0
035 ## - ДРУГИЕ СИСТЕМНЫЕ НОМЕРА
Идентификатор записи RU\NLR\ONIZ\natafirs\5000002969\20190204115412
035 ## - ДРУГИЕ СИСТЕМНЫЕ НОМЕРА
Идентификатор записи (NLR Aleph) 011931055
071 20 - ИЗДАТЕЛЬСКИЙ НОМЕР
Номер, присвоенный агентством с 3902 к
100 ## - ДАННЫЕ ОБЩЕЙ ОБРАБОТКИ
Данные общей обработки 20190204d2003 |||y0rusy50 ca
101 0# - ЯЗЫК РЕСУРСА
Язык текста, звукозаписи и т.д. английский
-- русский
102 ## - СТРАНА ПУБЛИКАЦИИ ИЛИ ПРОИЗВОДСТВА
Страна публикации Российская Федерация
125 ## - ПОЛЕ КОДИРОВАННЫХ ДАННЫХ: ЗВУКОЗАПИСИ И НОТНЫЕ ИЗДАНИЯ
Форма изложения нотного текста ay
145 0# - ПОЛЕ КОДИРОВАННЫХ ДАННЫХ: СРЕДСТВО ИСПОЛНЕНИЯ МУЗЫКАЛЬНОГО ПРОИЗВЕДЕНИЯ (УСТАРЕВШЕЕ)
Тип средства исполнения b
200 1# - ЗАГЛАВИЕ И СВЕДЕНИЯ ОБ ОТВЕТСТВЕННОСТИ
Основное заглавие Vivat
Общее обозначение материала Ноты
Сведения, относящиеся к заглавию увертюра для большого симф. оркестра
Первые сведения об ответственности Ю. А. Фалик
208 ## - ОБЛАСТЬ СПЕЦИФИЧЕСКИХ СВЕДЕНИЙ: НОТНЫЕ ИЗДАНИЯ
Форма изложения нотного текста Партитура
210 ## - ПУБЛИКАЦИЯ, РАСПРОСТРАНЕНИЕ И ДР.
Место издания, распространения и т.д. Санкт-Петербург
Имя издателя, распространителя и т. д. Композитор - Санкт-Петербург
Дата издания, распространения и т.д. [2003]
215 ## - ФИЗИЧЕСКАЯ ХАРАКТЕРИСТИКА
Специфическое обозначение материала и объем 35 с.
Размеры 29 см
300 ## - ОБЩИЕ ПРИМЕЧАНИЯ
Текст примечания Перед нот. текстом : К 100-летию Чикагского симф. орк.
300 ## - ОБЩИЕ ПРИМЕЧАНИЯ
Текст примечания Крат. биогр. справка: с. 1.
313 ## - ПРИМЕЧАНИЯ, ОТНОСЯЩИЕСЯ К ТЕМАТИЧЕСКОМУ ДОСТУПУ
Текст примечания Систематизация документа проведена по изданию - Методика классифицирования музыкальных произведений (нотных изданий) по таблицам Библиотечно-библиографических классификаций : метод. рекомендации / Гос. б-ка СССР им. В.И. Ленина.- М., 1977. Индексу ББК методических рекомендаций присваивается код ББК для научных библиотек - LBC/SL
606 1# - НАИМЕНОВАНИЕ ТЕМЫ КАК ПРЕДМЕТ
Наименование темы Увертюры для большого симф. оркестра
Географический подзаголовок Россия
Хронологический подзаголовок 21 в.
Код системы nlr_sh
686 ## - ИНДЕКСЫ ДРУГИХ КЛАССИФИКАЦИЙ
Индекс Щ951.1-053(2Р=Рус)П
Издание LBC/SL
Код системы
700 #1 - ИМЯ ЛИЦА - ПЕРВИЧНАЯ ОТВЕТСТВЕННОСТЬ
Системный номер авторитетной/нормативной записи z01790
Начальный элемент ввода Фалик
Часть имени, кроме начального элемента ввода Ю.А.
Даты 1936-2009
Расширение инициалов личного имени Юрий Александрович
Код отношения Композитор
Графика поля Кириллица
790 #1 - ИМЯ ЛИЦА - АЛЬТЕРНАТИВНАЯ ФОРМА
Системный номер авторитетной/нормативной записи z01700
Начальный элемент ввода Falik
Часть имени, кроме начального элемента ввода J.
Даты 1936-2009
Расширение инициалов личного имени Jurij
Код отношения Композитор
Графика поля Латинская
801 #0 - ИСТОЧНИК ЗАПИСИ
Страна Российская Федерация
Организация NLR
Дата составления 20190204
Правила каталогизации PSBO
801 #1 - ИСТОЧНИК ЗАПИСИ
Страна Российская Федерация
Организация NLR
Дата составления 20190204
Источник данных rusmarc
801 #2 - ИСТОЧНИК ЗАПИСИ
Страна Российская Федерация
Организация NLR
Дата составления 20190311
852 ## - МЕСТОНАХОЖДЕНИЕ И ШИФР ХРАНЕНИЯ
Идентификатор организации NLR
Наименование фонда или коллекции (Sub-Location Identifier) М
Шифр хранения (Call Number) К-3/29791
Страна
Номер экземпляра 1
942 ## - ДОПОЛНИТЕЛЬНЫЕ ЭЛЕМЕНТЫ ЗАПИСИ (АБИС)
Тип экземпляра АБИС Ноты
980 ## - КОЛЛЕКЦИЯ
Название коллекции Национальная библиография
980 ## - КОЛЛЕКЦИЯ
Название коллекции Отдел нот и звукозаписей
Экземпляры
Тип экземпляра Дата поступления Библиотека постоянного хранения Библиотека текущего хранения Место хранения Шифр хранения Статус экземпляра
Ноты 04.02.2019 РНБ (Московский) РНБ (Московский) Фонд нот и звукозаписей К-3/29791 К-3/29791